AI and Innovation: How to Transform Your Business and Outpace the Competition with Generative AI /

Guardat en:
Dades bibliogràfiques
Autor principal: Lewrick, Michael (autor)
Altres autors: Hatamleh, Omar (autor) (autor)
Format: Llibre
Idioma:anglès
Publicat: Hoboken, EUA : Wiley, 2025, c2025
Accés en línia:Ver documento en línea
Etiquetes: Afegir etiqueta
Sense etiquetes, Sigues el primer a etiquetar aquest registre!

MARC

LEADER 00000nam^a22000000a04500
001 000630813
005 20260416000000.0
009 20260416135711.77
020 |a 9781394254996 
037 |a Acervo ITESO - Biblioteca 
041 |a ING 
082 |a Libro en línea 
100 |a Lewrick, Michael  |e (autor) 
245 1 0 |a AI and Innovation:  |b How to Transform Your Business and Outpace the Competition with Generative AI / 
264 4 |a Hoboken, EUA :  |b Wiley,  |c 2025, c2025 
264 2 |a Hoboken, EUA :  |b Wiley [distribución],  |c 2025 
300 |a 1 libro electrónico en línea ( p.) 
300 |a 1 recurso en línea 
336 |a datos para computadora  |b cod  |2 rdacontenido 
337 |a computadora  |b c  |2 rdamedio 
338 |a recurso en línea  |b cr  |2 rdasoporte 
506 0 |a Licencias ilimitadas 
521 |a Wiley 2026 EEnlace Departamento de Electrónica, Sistemas e Informática 
567 |a Catalogación rápida 
649 |a XX 
700 |a Hatamleh, Omar  |e (autor) 
856 4 0 |u https://ezproxy.iteso.mx/login?qurl=https%3A%2F%2Fieeexplore.ieee.org%2Fservlet%2Fopac%3Fbknumber%3D10950198  |y Ver documento en línea 
910 |a Fondo General 
920 |a Electrónicos - Libros en Línea 
930 |a Plataforma Digital 
905 |a 205 
902 |a https://opac.biblio.iteso.mx/vufind/Record/000630813